000 00598nam a2200229 a 4500
001 0001-1385
003 ELIB.Books
008 160726 2010 eng
020 _a0800623290
035 _a(ELIB.Books)0001-1540
092 _a338.9
_bMee
100 _aMeeks, M. Douglas.
245 _aGod the Economist:
_bThe Doctrine of God and Polotical Economy
260 _aMinneapolis
_bFortress Press
_c1989
300 _a257
_c22 Cm
650 _aEconomist
856 _nKBTS Library
_uKBTS: ELIB
942 _2ddc
_cBK
990 _a1
998 _cbat
_e2016-07-26
999 _c11385
_d11385